000 01043nam a2200241Ia 4500
003 OSt
005 20220923222104.0
006 a|||||r|||| 00| 0
007 ta
008 220922b |||||||| |||| 00| 0 hin d
024 _a202,959
037 _cTextual
040 _aARTS
_cARTS
_bhin
041 _2hin
_ahin
082 _aO157,3N33,6, 152K9
100 _aशंकर, मणिश्ंाकर मुखर्जी, उपनाम्; अग्रवाल, भारतभूषण, अनु.
_9165893
245 0 _aनिवेदिता रिसर्च लेबोरेटरीः आदमी और कीड़े
246 _aNiveditā risarcha leboreṭarīah ādamī aur kīड़e
260 _c1977
650 _aबंगाली साहित्य
_9156264
942 _hO157,3N33,6, 152K9
_cTEXL
_2CC
999 _c353760
_d353760